01617nam a2200181Ia 4500001001300000003001000013008004100023040002500064041000700089100003900096245010500135250001100240260005100251300001200302500104600314650004401360700003101404b5781-39054 IT-MiCISF161014s9999||||xx |||||||||||||| ||und|| aIT-MiCISFcIT-MiCISF ait aSamek Lodovici Manuela (a cura di) 0aPartecipazione femminile e ruolo dell'etàbLa posizione lavorativa delle donne adulte in Lombardia a1a ed. a MilanobIstituto per la ricerca socialec2003 app. 259 aSamek Lodovici M., Semenza R., Comi S., Zanzottera C., Origo F., Strada F., Doglioli S., Ferrari E., Oliva D., Pesce F. / lavoro, donna, territorio, disoccupazione, età-adulta, donna-lavoratrice / Il volume contiene i risultati di uno studio sulla posizione delle donne adulte nel mercato del lavoro e sui fattori che ne influenzano la partecipazione, sensibilmente più bassa della media dei Paesi UE. Il progetto è stato affidato a Unioncamere Lombardia e IRS dalla Regione Lombardia, nell'ambito delle attività di ricerca finanziate dal Fondo Sociale Europeo. I risultati emersi, oltre a rappresentare una base conoscitiva del fenomeno, consentono di fornire indicazioni sulle misure più adeguate ed efficaci per aumentare la partecipazione e l'occupazione delle donne adulte, sia sul fronte delle politiche istituzionali che su quello delle politiche mirate di promozione del lavoro femminile presso le imprese, di conciliazione con la vita familiare, di flessibilizzazione degli orari, di sostegno all'imprenditoria femminile. a Famiglia nella società / lavoroe006 aSemenza Renata (a cura di)